Statistiques concernant Noms Latins - Arbres et Arbustes

Cliquez ici pour prendre le quiz!

Statistiques générales

  • Ce quiz a été pris 234 fois
  • Le résultat moyen est 28 sur 100

Statistiques - réponses

ArbreFamilleGenre% Correct
ChêneFagaceaeQuercus
91%
ÉrableSapindaceaeAcer
90%
Pin-Pinus
82%
Hêtre-Fagus
77%
PeuplierSalicaceaePopulus
76%
Saule-Salix
76%
FrêneOleaceaeFraxinus
73%
Bouleau-Betula
72%
CerisierRosaceaePrunus
71%
TilleulMalvaceaeTilia
71%
If-Taxus
66%
Cornouiller-Cornus
62%
HouxAquifoliaceaeIlex
62%
RobinierFabaceaeRobinia
59%
CharmeBetulaceaeCarpinus
58%
CitronnierRutaceaeCitrus
58%
ÉpiceaPinaceaePicea
58%
PommierRosaceaeMalus
57%
AulneBetulaceaeAlnus
56%
CèdrePinaceaeCedrus
56%
Platane-Platanus
56%
Buis-Buxus
54%
SapinPinaceaeAbies
53%
Olivier-Olea
53%
NoisetierBetulaceaeCorylus
52%
Églantier-Rosa
51%
Laurier-Laurus
47%
Noyer-Juglans
46%
GenévrierCupressaceaeJuniperus
44%
ChâtaignerFagaceaeCastanea
43%
MarronnierSapindaceaeAesculus
39%
ViorneAdoxaceaeViburnum
38%
TroèneOleaceaeLigustrum
35%
AubépineRosaceaeCrataegus
34%
PoirierRosaceaePyrus
34%
Orme-Ulmus
34%
Cyprès-Cupressus
33%
FiguierMoraceaeFicus
33%
Tamaris-Tamarix
33%
CopalmeAltingiaceaeLiquidambar
32%
SureauAdoxaceaeSambucus
32%
FusainCelastraceaeEuonymus
28%
MélèzePinaceaeLarix
28%
LilasOleaceaeSyringa
28%
Épine-Vinette-Berberis
27%
Laurier-RoseApocynaceaeNerium
27%
Hortensia-Hydrangea
25%
AlisierRosaceaeSorbus
25%
Mûrier-Morus
24%
GroseillerGrossulariaceaeRibes
24%
ArbousierEricaceaeArbutus
18%
SumacAnacardiaceaeRhus
16%
Myrte-Myrtus
15%
Nerprun-Rhamnus
15%
MicocoulierCannabaceaeCeltis
14%
RicinEuphorbiaceaeRicinus
14%
GrenadierLythraceaePunica
13%
CaféierRubiaceaeCoffea
11%
NéflierRosaceaeMespilus
11%
ArgousierElaeagnaceaeHippophae
10%
SymphorineCaprifoliaceaeSymphoricarpos
10%
PlaqueminierEbenaceaeDiospyros
9%
Charme-HoublonBetulaceaeOstrya
9%
CacaoyerMalvaceaeTheobroma
9%
JujubierRhamnaceaeZiziphus
8%
Anacardier-Anacardium
6%
ArganierSapotaceaeArgania
6%
CognassierRosaceaeCydonia
6%
ManguierAnacardiaceaeMangifera
6%
BaobabMalvaceaeAdansonia
5%
Attier-Annona
5%
MargousierMeliaceaeAzadirachta
5%
AkéeSapindaceaeBlighia
5%
Filao-Casuarina
5%
BaguenaudierFabaceaeColutea
5%
KumquatRutaceaeFortunella
5%
BadianierSchisandraceaeIllicium
5%
Myrique-Myrica
5%
BalsaMalvaceaeOchroma
5%
GuaranaSapindaceaePaullinia
5%
AvocatierLauraceaePersea
5%
SapotierSapotaceaePouteria
5%
GoyavierMyrtaceaePsidium
5%
Staphylier-Staphylea
5%
JacquierMoraceaeArtocarpus
4%
CarambolierOxalidaceaeAverrhoa
4%
Papayer-Carica
4%
CoulequinUrticaceaeCecropia
4%
Corroyère-Coriaria
4%
LonganeSapindaceaeDimocarpus
4%
DurianMalvaceaeDurio
4%
Coca-Erythroxylon
4%
MangoustanierClusiaceaeGarcinia
4%
ManiocEuphorbiaceaeManihot
4%
Muscadier-Myristica
4%
RamboutanSapindaceaeNephelium
4%
VomiquierLoganiaceaeStrychnos
4%
GiroflierMyrtaceaeSyzygium
4%
TamarinierFabaceaeTamarindus
4%
BadamierCombretaceaeTerminalia
4%

Distribution des résultats

Percentile par nombre de réponses

% des personnes avec chaque résultat

Votre développement - résultats

Vous n’avez pas pris ce quiz